00917nam a2200277Ia 4500003000400000005001700004008004100021020001800062040001800080041000800098082001600106100003000122245005900152250001200211260005000223300003200273650001900305650002500324650001800349650001900367650003400386650003100420942003000451999001900481952013900500OSt20241028114120.0210716s2016 xx 000 0 und d a9788184874259 cAIMIT LIBRARY aeng a005.73 RAGM aRaghuwanshi, M M.9183455 aAlgorithm and data structures /cBy M.M. Raghuwanshi.  a1st ed. aNew Delhi :bNarosa Publishing House ,c2016. axv,8.15,I.4 p.;bPBc25 cm. aArrays9183456 aLinked lists9183457 aTrees9183458 aGraphs9183459 aSorting and searching9183460 aAmortized analysis9183461 2ddccBKe1stk005.73 RAGM c195296d195296 001040708MCAaAIMITbAIMITeNarosa Book Distributorsg450.00l0o005.73 RAGMpMCA14805r2026-05-23 00:00:00v337.50w2021-07-16yBK